|
|
|
|
| LEADER |
00000cam a2200000 7i4500 |
| 001 |
0000025023 |
| 005 |
20241114.0 |
| 008 |
131113 my may |
| 020 |
|
|
|a 9789834350802
|
| 040 |
|
|
|a INS
|b eng
|e rda
|
| 090 |
0 |
0 |
|a BF108.M4
|b L38 2007
|
| 245 |
1 |
0 |
|a Latihan penyeliaan kaunselor
|c Lembaga kaunselor
|
| 264 |
|
1 |
|a Kuala Lumpur :
|b Lembaga kaunselor
|c 2007
|
| 300 |
|
|
|a v,189 pages ;
|c 22 cm.
|
| 336 |
|
|
|a text
|2 rdacontent
|
| 337 |
|
|
|a unmediated
|2 rdamedia
|
| 338 |
|
|
|a volume
|2 rdacarrier
|
| 504 |
|
|
|a Includes bibliographical references
|
| 650 |
|
0 |
|a Counseling
|z Malaysia
|
| 650 |
|
0 |
|a Counselor and client
|z Malaysia
|
| 999 |
|
|
|a 1000001286
|b BOOK
|c Open Shelf
|e Default branch
|